[Event "CZE-chT2E 2122"]
[Site "Czech Republic"]
[Date "2021.10.17"]
[Round "1.3"]
[White "Hladky, Tadeas"]
[Black "Hosek, Martin"]
[Result "0-1"]
[WhiteElo "2039"]
[BlackElo "2172"]
[PlyCount "102"]
[EventDate "2021.10.17"]
[EventType "team-tourn"]
[EventRounds "11"]
[EventCountry "CZE"]
[SourceTitle "EXT 2024"]
[Source "ChessBase"]
[SourceDate "2023.10.10"]
[SourceVersion "1"]
[SourceVersionDate "2023.10.10"]
[SourceQuality "1"]
[WhiteTeam "Jundrov Jezdci"]
[BlackTeam "Jundrov Jezdci II"]
[WhiteTeamCountry "CZE"]
[BlackTeamCountry "CZE"]

1. e4 Nf6 2. e5 Nd5 3. d4 d6 4. Nf3 g6 5. Bc4 Nb6 6. Bb3 Bg7 7. Ng5 e6 8. Qf3 0-0 9. Qh3 h6 10. Nf3 Nc6 11. Bxh6 dxe5 12. Bxg7 Kxg7 13. dxe5 Nd4 14. Nbd2 Rh8 15. Qg4 Nxf3+ 16. Nxf3 Bd7 17. Rd1 Qe7 18. 0-0 Rh5 19. Rfe1 Bc6 20. Rd3 Rah8 21. h3 Nd7 22. Rde3 b6 23. Ba4 b5 24. Bb3 Bb7 25. c3 Rf5 26. Qg3 Bxf3 27. Rxf3 Rg5 28. Qf4 Rh4 29. g4 Rf5 30. Qg3 Rxf3 31. Qxf3 Qg5 32. Qe3 Qxe3 33. Rxe3 Nc5 34. Bc2 Rh8 35. Kf1 g5 36. Ke2 Nd7 37. Kf1 Nb6 38. Bb3 c5 39. Kg2 c4 40. Bc2 Nd5 41. Rf3 Nf4+ 42. Kh2 Rd8 43. h4 Rd2 44. hxg5 Rxc2 45. Rxf4 Rxb2 46. a4 a6 47. axb5 axb5 48. Kg2 Re2 49. Kf3 Rc2 50. Ke4 Rxc3 51. Kd4 Rd3+ 0-1

[Event "Gibraltar Masters 17th"]
[Site "Caleta"]
[Date "2019.01.30"]
[Round "9"]
[White "De Haan, Eric"]
[Black "Hosek, Martin"]
[Result "1-0"]
[WhiteElo "2337"]
[BlackElo "2153"]
[PlyCount "89"]
[EventDate "2019.01.22"]
[EventType "swiss"]
[EventRounds "10"]
[EventCountry "GGB"]
[SourceTitle "CBM 188 Extra"]
[Source "ChessBase"]
[SourceDate "2019.02.28"]
[SourceVersion "1"]
[SourceVersionDate "2019.02.28"]
[SourceQuality "1"]

1. d4 Nf6 2. c4 g6 3. Nc3 d5 4. cxd5 Nxd5 5. e4 Nxc3 6. bxc3 Bg7 7. Nf3 c5 8. Be3 0-0 9. Be2 Bg4 10. 0-0 cxd4 11. cxd4 Nc6 12. d5 Bxf3 13. Bxf3 Na5 14. Rc1 b6 15. Qa4 Qd6 16. Rc2 Rac8 17. Rfc1 Rxc2 18. Qxc2 Be5 19. g3 e6 20. Bh6 Rd8 21. Qa4 exd5 22. exd5 Qf6 23. Qg4 Qf5 24. Qh4 Bf6 25. Qf4 Be5 26. Qh4 Bf6 27. Qf4 Be5 28. Qe3 Bd6 29. Re1 Bf8 30. Bxf8 Rxf8 31. Rc1 Qd7 32. Qc3 Nb7 33. h4 h5 34. Qf6 Nc5 35. Re1 Qd8 36. Re7 Nd7 37. Qd6 Nc5 38. Qe5 Nd7 39. Qe3 Nf6 40. Qe5 Nd7 41. Qe3 a6 42. d6 Nc5 43. Qe5 Qc8 44. Bd5 Qg4 45. Rxf7 1-0

[Event "Gibraltar Masters 17th"]
[Site "Caleta"]
[Date "2019.01.28"]
[Round "7"]
[White "Hosek, Martin"]
[Black "Jaksland, Tim"]
[Result "1/2-1/2"]
[WhiteElo "2153"]
[BlackElo "2264"]
[PlyCount "61"]
[EventDate "2019.01.22"]
[EventType "swiss"]
[EventRounds "10"]
[EventCountry "GGB"]
[SourceTitle "CBM 188 Extra"]
[Source "ChessBase"]
[SourceDate "2019.02.28"]
[SourceVersion "1"]
[SourceVersionDate "2019.02.28"]
[SourceQuality "1"]

1. d4 Nf6 2. c4 c5 3. d5 b5 4. Bg5 Qb6 5. Qc2 g6 6. e4 Bg7 7. Nd2 h6 8. Bf4 g5 9. Bg3 bxc4 10. Bxc4 Nh5 11. Rb1 d6 12. Ngf3 Nd7 13. 0-0 0-0 14. Bd3 Ba6 15. Bxa6 Qxa6 16. Nc4 Nb6 17. Nfd2 Rad8 18. b3 Nxg3 19. hxg3 e6 20. dxe6 fxe6 21. f4 Nxc4 22. Nxc4 d5 23. exd5 exd5 24. Ne5 Qd6 25. Rbe1 Rfe8 26. Qf5 Rf8 27. Qd3 Rfe8 28. Qf5 Rf8 29. Qd3 Rfe8 30. Qf5 Rf8 31. Qd3 1/2-1/2

[Event "CZE-chT1E 1718"]
[Site "Czech Republic"]
[Date "2018.01.07"]
[Round "5.1"]
[White "Hosek, Martin"]
[Black "Krejca, Jakub"]
[Result "1/2-1/2"]
[WhiteElo "2098"]
[BlackElo "2088"]
[PlyCount "83"]
[EventDate "2017.10.22"]
[EventType "team-tourn"]
[EventRounds "11"]
[EventCountry "CZE"]
[SourceTitle "EXT 2019"]
[Source "ChessBase"]
[SourceDate "2018.10.10"]
[SourceVersion "1"]
[SourceVersionDate "2018.10.10"]
[SourceQuality "1"]
[WhiteTeam "Brno Lokomotiva"]
[BlackTeam "Hostalkova"]
[WhiteTeamCountry "CZE"]
[BlackTeamCountry "CZE"]

1. d4 d5 2. c4 e6 3. Nc3 Nf6 4. Bg5 Nbd7 5. e3 Be7 6. Nf3 0-0 7. Qc2 b6 8. cxd5 exd5 9. Bd3 c5 10. 0-0 Bb7 11. Rac1 c4 12. Bf5 g6 13. Bh3 a6 14. a4 Bc6 15. Rfe1 Re8 16. Bxf6 Bxf6 17. e4 dxe4 18. Nxe4 Bxe4 19. Rxe4 b5 20. a5 Nf8 21. Rce1 Rxe4 22. Qxe4 Ra7 23. Qc6 Bxd4 24. Nxd4 Qxd4 25. g3 Qxb2 26. Re8 Qb4 27. Qc8 c3 28. Bf1 c2 29. Qxc2 Re7 30. Ra8 Re1 31. Rxa6 Ra1 32. Qd3 Rxa5 33. Rxa5 Qxa5 34. Qxb5 Qa1 35. Kg2 Kg7 36. Bc4 Qf6 37. Bd5 g5 38. Bf3 Ng6 39. h3 Ne5 40. Qd5 h6 41. Qe4 Qd6 42. Qd5 1/2-1/2

[Event "EU-ch rapid"]
[Site "Katowice"]
[Date "2017.12.16"]
[Round "2"]
[White "Vavulin, Maksim"]
[Black "Hosek, Martin"]
[Result "1-0"]
[WhiteElo "2575"]
[BlackElo "2120"]
[PlyCount "91"]
[EventDate "2017.12.16"]
[EventType "swiss (rapid)"]
[EventRounds "11"]
[EventCountry "POL"]
[SourceTitle "CBM 182 Extra"]
[Source "ChessBase"]
[SourceDate "2018.02.23"]
[SourceVersion "1"]
[SourceVersionDate "2018.02.23"]
[SourceQuality "1"]

1. e4 Nf6 2. d3 g6 3. f4 Bg7 4. Nf3 d6 5. g3 c5 6. Bg2 Nc6 7. Nc3 a6 8. h3 Rb8 9. Be3 e6 10. Bf2 Qc7 11. Qd2 b5 12. g4 h6 13. 0-0 0-0 14. Rae1 b4 15. Nd1 e5 16. Bg3 Nd4 17. Ne3 Bb7 18. Bh2 Nd7 19. Nxd4 cxd4 20. Nc4 Ba8 21. Rf2 Nb6 22. Nxb6 Rxb6 23. f5 f6 24. fxg6 Rc8 25. Bf3 d5 26. exd5 Qd8 27. Qe2 Bxd5 28. Bxd5+ Qxd5 29. Qe4 Qxe4 30. Rxe4 Rbc6 31. Ree2 Bf8 32. h4 Be7 33. Kg2 a5 34. Kf3 a4 35. Ke4 Rc5 36. Rg2 Kg7 37. Kf5 Bd8 38. g5 hxg5 39. hxg5 e4+ 40. Kxe4 Rxg5 41. Rxg5 fxg5 42. Kf5 Bf6 43. Re6 Rc5+ 44. Kg4 Kxg6 45. Bg1 Kf7 46. Rxf6+ 1-0

[Event "CZE-chT1E 1718"]
[Site "Czech Republic"]
[Date "2017.11.12"]
[Round "2.1"]
[White "Mrva, Marek"]
[Black "Hosek, Martin"]
[Result "0-1"]
[WhiteElo "2223"]
[BlackElo "2098"]
[PlyCount "118"]
[EventDate "2017.10.22"]
[EventType "team-tourn"]
[EventRounds "11"]
[EventCountry "CZE"]
[SourceTitle "CBM 181 Extra"]
[Source "ChessBase"]
[SourceDate "2017.12.12"]
[SourceVersion "1"]
[SourceVersionDate "2017.12.12"]
[SourceQuality "1"]
[WhiteTeam "Ostrava"]
[BlackTeam "Brno Lokomotiva"]
[WhiteTeamCountry "CZE"]
[BlackTeamCountry "CZE"]

1. e4 Nf6 2. e5 Nd5 3. Nc3 Nxc3 4. bxc3 d6 5. f4 dxe5 6. fxe5 g6 7. Nf3 Bg7 8. d4 0-0 9. Bc4 c5 10. 0-0 h6 11. Be3 Nc6 12. Nh4 e6 13. Qg4 cxd4 14. cxd4 Ne7 15. Rf3 Bd7 16. Raf1 Rc8 17. Bd3 Nf5 18. Nxf5 exf5 19. Qg3 Be6 20. Rf4 Bc4 21. Qf2 Bxd3 22. cxd3 Qd5 23. Rf3 Rc3 24. h4 h5 25. Rc1 Rxd3 26. Rc5 Qe4 27. Rc7 f4 28. Bxf4 Rd1+ 29. Kh2 Rxd4 30. Re7 Qd5 31. e6 fxe6 32. Rxg7+ Kxg7 33. Bh6+ Kxh6 34. Rxf8 Qd6+ 35. Kh3 Rd3+ 36. Rf3 Qf4 37. Qxa7 Qg4+ 38. Kh2 Qxh4+ 39. Kg1 Rxf3 40. gxf3 Qg3+ 41. Kf1 Qxf3+ 42. Kg1 e5 43. Qb8 Qd1+ 44. Kg2 Qd5+ 45. Kh2 Qxa2+ 46. Kg1 Qb1+ 47. Kh2 Qc2+ 48. Kg1 Qd1+ 49. Kh2 Qd5 50. Qf8+ Kg5 51. Qe7+ Kg4 52. Qe8 g5 53. Qa4+ Qd4 54. Qc2 Qf4+ 55. Kg2 Qf3+ 56. Kg1 e4 57. Qc8+ Kg3 58. Qc7+ Qf4 59. Qc5 e3 0-1

[Event "CZE-chT1E 1718"]
[Site "Czech Republic"]
[Date "2017.10.22"]
[Round "1.1"]
[White "Caletka, Radomir"]
[Black "Hosek, Martin"]
[Result "1/2-1/2"]
[WhiteElo "2337"]
[BlackElo "2098"]
[PlyCount "92"]
[EventDate "2017.10.22"]
[EventType "team-tourn"]
[EventRounds "11"]
[EventCountry "CZE"]
[SourceTitle "CBM 181 Extra"]
[Source "ChessBase"]
[SourceDate "2017.12.12"]
[SourceVersion "1"]
[SourceVersionDate "2017.12.12"]
[SourceQuality "1"]
[WhiteTeam "Opava KVS"]
[BlackTeam "Brno Lokomotiva"]
[WhiteTeamCountry "CZE"]
[BlackTeamCountry "CZE"]

1. e4 Nf6 2. e5 Nd5 3. d4 d6 4. Nf3 g6 5. Bc4 Nb6 6. Bb3 Bg7 7. 0-0 0-0 8. Nbd2 Nc6 9. exd6 cxd6 10. c3 Bf5 11. Qe2 Na5 12. Ne4 Bxe4 13. Qxe4 d5 14. Qh4 Nxb3 15. axb3 Nd7 16. Re1 e6 17. Bg5 Bf6 18. Re3 Re8 19. Rae1 a5 20. Bxf6 Qxf6 21. Ng5 Qg7 22. Rf3 Rf8 23. Rh3 Nf6 24. Nf3 a4 25. bxa4 Rxa4 26. Ne5 Rfa8 27. Rhe3 Ra1 28. f3 R8a2 29. Nd3 Ne8 30. Qe7 Qf8 31. Qxb7 Nd6 32. Qb3 Nc4 33. R3e2 Qa8 34. Nc1 Ra7 35. Qc2 Qc6 36. Nd3 Qb5 37. Nb4 Nd6 38. b3 R7a3 39. Kf2 Qa5 40. Rxa1 Rxa1 41. Re1 Nb5 42. Rxa1 Qxa1 43. Na2 Na3 44. Qd2 Nb1 45. Qc2 Na3 46. Qd2 Nb1 1/2-1/2

[Event "CZE-chT2E 1516"]
[Site "Czech Republic"]
[Date "2016.02.21"]
[Round "8.4"]
[White "Hosek, Martin"]
[Black "Markovic, Ivan1"]
[Result "1-0"]
[WhiteElo "2114"]
[BlackElo "2124"]
[PlyCount "83"]
[EventDate "2015.10.18"]
[EventType "team-tourn"]
[EventRounds "11"]
[EventCountry "CZE"]
[SourceTitle "EXT 2022"]
[Source "ChessBase"]
[SourceDate "2021.10.06"]
[SourceVersion "1"]
[SourceVersionDate "2021.10.06"]
[SourceQuality "1"]
[WhiteTeam "Jundrov Jezdci"]
[BlackTeam "Kurim"]
[WhiteTeamCountry "CZE"]
[BlackTeamCountry "CZE"]

1. d4 d6 2. c4 Nf6 3. Nf3 Nbd7 4. Nc3 c6 5. e4 e5 6. Be2 Be7 7. 0-0 0-0 8. h3 Re8 9. Be3 Qc7 10. Qc2 Nf8 11. a3 Ng6 12. b4 h6 13. Rfd1 Nh7 14. Rac1 exd4 15. Nxd4 Bg5 16. Bxg5 Nxg5 17. Nf5 Bxf5 18. exf5 Nf8 19. h4 Ngh7 20. Ne4 Qe7 21. Bf3 Rad8 22. Qc3 Qxh4 23. Nxd6 Re7 24. b5 cxb5 25. cxb5 b6 26. Qc6 Ng5 27. Bd5 Re2 28. Rf1 Qf4 29. Nc8 Qg4 30. Rc3 Qxf5 31. Bc4 Rxc8 32. Qxc8 Qe5 33. Bxe2 Qxe2 34. Re3 Qxb5 35. Rc3 Nge6 36. Qc6 Qg5 37. Rg3 Qd2 38. Qc3 Qd6 39. Rc1 Nd4 40. Qd3 f5 41. Rc4 Nfe6 42. Re3 1-0

[Event "CZE-chT2E 1516"]
[Site "Czech Republic"]
[Date "2016.02.07"]
[Round "7.4"]
[White "Bukacek, Lubomir"]
[Black "Hosek, Martin"]
[Result "1/2-1/2"]
[WhiteElo "2092"]
[BlackElo "2114"]
[PlyCount "59"]
[EventDate "2015.10.18"]
[EventType "team-tourn"]
[EventRounds "11"]
[EventCountry "CZE"]
[SourceTitle "EXT 2022"]
[Source "ChessBase"]
[SourceDate "2021.10.06"]
[SourceVersion "1"]
[SourceVersionDate "2021.10.06"]
[SourceQuality "1"]
[WhiteTeam "Jihlava Silko Gambit"]
[BlackTeam "Jundrov Jezdci"]
[WhiteTeamCountry "CZE"]
[BlackTeamCountry "CZE"]

1. d4 Nf6 2. c4 g6 3. Nc3 d5 4. Bg5 Ne4 5. Nxe4 dxe4 6. Qd2 Bg7 7. Rd1 h6 8. Bh4 0-0 9. e3 Nd7 10. f3 g5 11. Bg3 f5 12. fxe4 fxe4 13. Be2 Nf6 14. Nh3 c6 15. Nf2 Qe8 16. Qb4 b6 17. 0-0 Bf5 18. a4 Nd7 19. Qb3 c5 20. Qc3 a5 21. Ng4 Qg6 22. Ne5 Nxe5 23. Bxe5 Bxe5 24. dxe5 Rad8 25. Rd5 Be6 26. Rxd8 Rxd8 27. Qc2 Rf8 28. Rxf8+ Kxf8 29. Qd1 Qe8 30. b3 1/2-1/2

[Event "CZE-chT2E 1415"]
[Site "Czech Republic"]
[Date "2015.03.15"]
[Round "9.3"]
[White "Hosek, Martin"]
[Black "Holemar, David"]
[Result "1/2-1/2"]
[WhiteElo "2079"]
[BlackElo "2221"]
[PlyCount "85"]
[EventDate "2014.11.02"]
[EventType "team-tourn"]
[EventRounds "11"]
[EventCountry "CZE"]
[SourceTitle "EXT 2022"]
[Source "ChessBase"]
[SourceDate "2021.10.06"]
[SourceVersion "1"]
[SourceVersionDate "2021.10.06"]
[SourceQuality "1"]
[WhiteTeam "Brno Vinohrady"]
[BlackTeam "Brno Moravska Slavia"]
[WhiteTeamCountry "CZE"]
[BlackTeamCountry "CZE"]

1. d4 Nf6 2. c4 Nc6 3. Nc3 e5 4. d5 Ne7 5. e4 Ng6 6. Be3 Bb4 7. f3 Qe7 8. Nge2 Bc5 9. Qd2 Bxe3 10. Qxe3 d6 11. 0-0-0 a6 12. Kb1 Bd7 13. Nc1 c5 14. dxc6 Bxc6 15. Nd3 0-0 16. h4 Rfe8 17. g4 Nf8 18. g5 Nh5 19. Nd5 Bxd5 20. cxd5 Ng6 21. Bh3 Ngf4 22. Bg4 Qd8 23. Rc1 Re7 24. Nxf4 Nxf4 25. Rc3 Rc7 26. Rxc7 Qxc7 27. Rc1 Qd8 28. Qb3 Rb8 29. Qc2 Qf8 30. Qc7 g6 31. Bc8 Nd3 32. Rc3 Nc5 33. Qxb8 Qd8 34. b4 Qb6 35. Bg4+ Kg7 36. a3 a5 37. Rc4 axb4 38. Rxb4 Qa6 39. Rb2 Qf1+ 40. Ka2 Qc4+ 41. Kb1 Qf1+ 42. Ka2 Qc4+ 43. Kb1 1/2-1/2

[Event "Brno CEZ op"]
[Site "Brno"]
[Date "2014.08.25"]
[Round "3"]
[White "Hosek, Martin"]
[Black "Glozar, Petr"]
[Result "1-0"]
[WhiteElo "2039"]
[BlackElo "1566"]
[PlyCount "59"]
[EventDate "2014.08.24"]
[EventType "swiss"]
[EventRounds "9"]
[EventCountry "CZE"]
[SourceTitle "CBM 162 Extra"]
[Source "ChessBase"]
[SourceDate "2014.10.17"]
[SourceVersion "1"]
[SourceVersionDate "2014.10.17"]
[SourceQuality "1"]

1. d4 d5 2. c4 e6 3. Nc3 Nf6 4. Bg5 Be7 5. Nf3 h6 6. Bh4 0-0 7. e3 b6 8. Rc1 Bb7 9. Bd3 Nbd7 10. 0-0 c5 11. Qe2 Rc8 12. Rfd1 Re8 13. Ne5 Nxe5 14. dxe5 Nd7 15. Bg3 Bh4 16. cxd5 exd5 17. Bxh4 Qxh4 18. Bb5 Red8 19. f4 d4 20. g3 Qh3 21. exd4 cxd4 22. Rxd4 Kh7 23. Rcd1 Rc7 24. e6 Bc8 25. Bxd7 Bb7 26. exf7 Rdxd7 27. Qc2+ g6 28. f8Q Qe6 29. Rxd7+ Rxd7 30. Rxd7+ 1-0